The process of writing : discovery & control /

Bibliographic Details
Main Author: Van Nostrand, Albert D.
Other Authors: Knoblauch, C. H., Pettigrew, Joan
Format: Book
Language:English
Published: Boston : Houghton Mifflin Co., [1982]
Edition:2nd ed.
Subjects:

MARC

Tag First Indicator Second Indicator Subfields
LEADER 00000cam a2200000 a 4500
001 in00000088388
005 20151008063156.0
008 820416s1982 maua 00110 eng
010 |a  81083449  
020 |a 039531755X (pbk.) 
035 |a (OCoLC)08353302 
035 |9 AAK1731AM 
040 |a DLC  |c DLC  |d TXA  |d UtOrBLW 
049 |a TXAM  |d [  |v =text  |p =guide]  |v [1197137]  |p [1197136] 
050 0 0 |a PE1408  |b V36 1982 
082 0 |a 808/.042  |2 19 
100 1 |a Van Nostrand, Albert D. 
245 1 4 |a The process of writing :  |b discovery & control /  |c A.D. Van Nostrand, C.H. Knoblauch, Joan Pettigrew. 
250 |a 2nd ed. 
264 1 |a Boston :  |b Houghton Mifflin Co.,  |c [1982] 
264 4 |c ©1982 
300 |a [text] xii, 196 pages :  |b illustrations ;  |c 24 cm. 
336 |a text  |b txt  |2 rdacontent 
337 |a unmediated  |b n  |2 rdamedia 
338 |a volume  |b nc  |2 rdacarrier 
500 |a Revised edition of: Functional writing. 1978. 
500 |a Includes index. 
650 0 |a English language  |x Rhetoric. 
700 1 |a Knoblauch, C. H. 
700 1 |a Pettigrew, Joan. 
730 0 |a Functional writing. 
999 |a MARS 
999 f f |s 3d5c8398-a90d-300f-b373-64669d4aa7b0  |i 65472b9b-41fb-30b9-9eb3-b77ae7aa0784  |t 0 
952 f f |p ric  |a Texas A&M University  |b Rellis Campus  |c Joint Library Facility  |s JLF  |d Remote Storage  |t 0  |e PE1408 V36 1982  |h Library of Congress classification  |i unmediated -- volume  |k guide  |m A14806455797 
952 f f |p ric  |a Texas A&M University  |b Rellis Campus  |c Joint Library Facility  |s JLF  |d Remote Storage  |t 0  |e PE1408 V36 1982  |h Library of Congress classification  |i unmediated -- volume  |k text  |m A14805985024 
998 f f |a PE1408 V36 1982  |s guide  |t 0  |l Remote Storage